[Event "24th Staufer-Open"]
[Site "Schwaebisch Gmuend GER"]
[Date "2012.01.03"]
[Round "4"]
[White "Sohl,J"]
[Black "Reschke,St"]
[Result "0-1"]
[WhiteElo "2165"]
[BlackElo "2361"]

1.e4 g6 2.d4 Bg7 3.Nc3 c6 4.Nf3 d5 5.h3 dxe4 6.Nxe4 Nf6 7.Nxf6+ exf6 8.Bc4 O-O
9.O-O Nd7 10.Bf4 Nb6 11.Bb3 a5 12.a4 Nd5 13.Bh2 Bh6 14.c4 Nf4 15.Re1 Re8
16.d5 Bd7 17.Rxe8+ Qxe8 18.Kh1 Qe4 19.Qd4 Nxh3 20.Bg3 Qxd4 21.Nxd4 Nf4  0-1

[Event "17th Bosnjaci Open"]
[Site "Bosnjaci CRO"]
[Date "2012.01.04"]
[Round "3.4"]
[White "Vajic,G"]
[Black "Pancevski,F"]
[Result "0-1"]
[WhiteElo "2221"]
[BlackElo "2459"]

1.e4 c6 2.d4 g6 3.Nc3 Bg7 4.Be3 d6 5.Be2 Nd7 6.Qd2 e5 7.O-O-O Ngf6 8.f4 exd4
9.Qxd4 d5 10.exd5 O-O 11.dxc6 bxc6 12.Qc4 Bb7 13.Bf3 Re8 14.Bd4 Qb8 15.Nge2 c5
16.Bxf6 Nxf6 17.Rhf1 Bxf3 18.Rxf3 Qb4 19.Qb3 Rab8 20.Rd2 Qa5 21.Qa4 Qc7 22.a3 c4
23.h3 Ne4 24.Rd7 Nxc3 25.bxc3 Qc5 26.Kd2 a5 27.Nd4 g5 28.g4 gxf4 29.Nf5 Qg1
30.Ne7+ Rxe7 31.Rxe7 Qg2+  0-1

[Event "17th Bosnjaci Open"]
[Site "Bosnjaci CRO"]
[Date "2012.01.06"]
[Round "5.1"]
[White "Jovanovic,Zo CRO"]
[Black "Pancevski,F"]
[Result "1/2-1/2"]
[WhiteElo "2556"]
[BlackElo "2459"]

1.e4 c6 2.d4 g6 3.Nc3 Bg7 4.Nf3 d6 5.Be3 Nd7 6.Qd2 e5 7.h3 Qe7 8.O-O-O Ngf6
9.Bh6 O-O 10.Bxg7 Kxg7 11.g4 Re8 12.dxe5 dxe5 13.Bd3 Nc5 14.Qe3 b5 15.Kb1 a5
16.Ne2 Nfd7 17.Ng3 Na4 18.Qd2 Ndb6 19.Ka1 Qc5 20.Qg5 Kg8 21.Nh5 Nd7 22.Rhg1 Qb4
23.Rb1 Qf8 24.Ng3 Nac5 25.Rbd1 a4 26.Qe3 Kh8 27.Be2 Qe7  1/2-1/2

[Event "Northern California International"]
[Site "Fremont USA"]
[Date "2012.01.07"]
[Round "8"]
[White "Sevian,Samuel"]
[Black "De Guzman,R"]
[Result "0-1"]
[WhiteElo "2185"]
[BlackElo "2393"]

1.e4 c6 2.d4 g6 3.Nc3 Bg7 4.Nf3 d6 5.h3 Nf6 6.a4 a5 7.Be3 O-O 8.Be2 Qc7 9.Qd2 Re8
10.Rd1 Nbd7 11.O-O e5 12.d5 c5 13.Nb5 Qb8 14.Qd3 Nh5 15.Nd2 Nf4 16.Bxf4 exf4
17.Qf3 Bf6 18.Nc4 Ne5 19.Qb3 Nxc4 20.Qxc4 Bg7 21.c3 Be5 22.Bf3 h5 23.Qd3 Bd7
24.Rfe1 Qd8 25.Be2 Kg7 26.b3 Rh8 27.f3 Qh4 28.Bf1 g5 29.Nxd6 Bxd6 30.e5 Be7
31.e6 fxe6 32.dxe6 Be8 33.Qe4 g4 34.Qxb7 Bg6 35.Re5 Rab8 36.Qa7 gxf3 37.Rd7 f2+
38.Kh1 Rhe8 39.Rxc5 Rxb3 40.Rcd5 Rb1 41.Qd4+ Kh6 42.Qc4 Be4  0-1

[Event "37th Seville Open"]
[Site "Seville ESP"]
[Date "2012.01.07"]
[Round "1"]
[White "Van der Weide,K"]
[Black "Haslinger,J Mike"]
[Result "1-0"]
[WhiteElo "2445"]
[BlackElo "1847"]

1.e4 g6 2.d4 Bg7 3.Nc3 c6 4.Nf3 d5 5.h3 Nh6 6.Bd3 dxe4 7.Nxe4 Nf5 8.c3 O-O
9.O-O Qc7 10.Re1 Nd7 11.Bg5 h6 12.Bd2 e5 13.dxe5 Nxe5 14.Nxe5 Qxe5 15.Qf3 Nh4
16.Qf4 Qxf4 17.Bxf4 Be6 18.Nc5 Bd5 19.Be4 Bxe4 20.Rxe4 Rfe8 21.Rae1 Rxe4
22.Rxe4 g5 23.Bd6 b6 24.Nb7 Nf5 25.g4 Nxd6 26.Nxd6 Rd8 27.Nf5 Rd2 28.Re8+ Kh7
29.Re7 Kg6 30.Rxa7 Rxb2 31.Ne7+ Kf6 32.Nxc6 Kg6 33.Ne7+ Kf6 34.Nd5+ Ke6 35.Nc7+ Kf6
36.Rb7 Rxa2 37.Rxb6+ Ke5 38.Ne8 Bf8 39.Nf6 Kf4 40.Rb5 Kf3 41.Rf5+ Ke2 42.Ne4 Ra7
43.Kg2 Ba3 44.Rd5 Bc1 45.Ng3+ Ke1 46.Kf3 Bf4 47.Ne4 Ra1 48.h4 Rc1 49.h5 Rc2
50.Rf5 Bh2 51.Rxf7 Bg1 52.Kg2 Bxf2 53.Rxf2  1-0

[Event "Andranik Margaryan Memorial 2012"]
[Site "Yerevan ARM"]
[Date "2012.01.08"]
[Round "1"]
[White "Vardanyan,H"]
[Black "Kalashian,D"]
[Result "1/2-1/2"]
[WhiteElo "1948"]
[BlackElo "2419"]

1.e4 c6 2.Nc3 g6 3.d4 Bg7 4.f4 d6 5.Nf3 Bg4 6.Be3 Qb6 7.Qd2 Nf6 8.Be2 Nbd7
9.h3 Bxf3 10.Bxf3 O-O 11.O-O-O Qa6 12.e5 Nd5 13.Nxd5 cxd5 14.Bxd5 Nb6 15.Bb3 Nc4
16.Bxc4 Qxc4 17.Kb1 b5 18.Rhe1 a5 19.Qe2 Qd5 20.h4 b4 21.h5 a4 22.hxg6 fxg6
23.Bc1 b3 24.exd6 bxc2+ 25.Kxc2 Qxa2 26.Qe6+ Qxe6 27.Rxe6 Ra6 28.Rxe7 Rxd6
29.d5 Rc8+ 30.Kb1 a3 31.Rb7 axb2 32.Bxb2 Bxb2 33.Kxb2 Rc5 34.Re1 Kf8 35.Ree7 Rdxd5
36.Rxh7 Rb5+ 37.Rxb5 Rxb5+ 38.Kc3 Kg8 39.Re7 Rd5 40.g3 Rd1 41.Kc4 Rg1 42.Re3 Kf7
43.Kd5 Kf6 44.Ke4 g5 45.Ra3 gxf4 46.Ra6+ Kf7 47.gxf4 Rb1 48.Kf5 Rb5+ 49.Kg4 Rc5  1/2-1/2

[Event "37th Seville Open"]
[Site "Seville ESP"]
[Date "2012.01.10"]
[Round "4"]
[White "Barrero Garcia,C"]
[Black "Romero Sanchez,J"]
[Result "1-0"]
[WhiteElo "2370"]
[BlackElo "2172"]

1.e4 g6 2.d4 Bg7 3.Nc3 c6 4.Nf3 d5 5.h3 dxe4 6.Nxe4 Na6 7.Bc4 Nc7 8.O-O Nf6
9.Nxf6+ exf6 10.Re1+ Be6 11.Bxe6 fxe6 12.Bf4 Kf7 13.c4 Re8 14.Qb3 Re7 15.Rad1 Rd7
16.g4 h6 17.Bg3 b6 18.d5 exd5 19.Nd4 c5 20.cxd5 Kf8 21.Bxc7  1-0

[Event "37th Seville Open"]
[Site "Seville ESP"]
[Date "2012.01.14"]
[Round "8"]
[White "Barrenechea Bahamonde,G"]
[Black "Burmakin,V"]
[Result "0-1"]
[WhiteElo "2228"]
[BlackElo "2593"]

1.e4 c6 2.Nc3 g6 3.d4 Bg7 4.Nf3 d6 5.a4 Nf6 6.h3 O-O 7.Be3 Nbd7 8.a5 d5 9.exd5 Nxd5
10.Nxd5 cxd5 11.Bd3 Nf6 12.O-O Bf5 13.Bxf5 gxf5 14.Bf4 e6 15.c3 Ne4 16.Qb3 Qe7
17.Ra4 f6 18.c4 e5 19.Bc1 dxc4 20.Rxc4 Kh8 21.Rb4 Nd6 22.Re1 Qc7 23.dxe5 fxe5
24.Ng5 Qe7 25.Rh4 h6 26.Nf3 Nf7 27.Rh5 Qf6 28.Qxb7 Qg6 29.Rh4 e4 30.Nh2 Bf6
31.Rf4 Bg5 32.h4 Rfb8 33.Qd5 Bxf4 34.Bxf4 Re8 35.Qb7 a6 36.Rc1 Rad8 37.Rc6 Re6
38.Rc7 Rd1+ 39.Nf1 Qg4 40.Rc1 Kg7 41.f3 Rxf1+ 42.Rxf1 Qxf4 43.Qb3 Qe5 44.fxe4 Qd4+
45.Kh2 Rxe4 46.g3 Re2+ 47.Kh1 Qe4+ 48.Qf3 Ne5 49.Qxe4 fxe4  0-1

[Event "TCh-SVK Extraliga 2011-12"]
[Site "Slovakia SVK"]
[Date "2012.01.14"]
[Round "5"]
[White "Federic,P"]
[Black "Petran,Pe"]
[Result "1/2-1/2"]
[WhiteElo "2219"]
[BlackElo "2297"]

1.e4 g6 2.d4 Bg7 3.Nc3 c6 4.Be3 b5 5.a4 b4 6.Nce2 Nf6 7.Ng3 a5 8.Nf3 d6 9.Be2 Ba6
10.O-O O-O 11.c4 bxc3 12.bxc3 d5 13.e5 Nfd7 14.Qd2 Bxe2 15.Nxe2 Nb6 16.Bh6 Nc4
17.Qf4 f6 18.Qh4 Qd7 19.Bxg7 Kxg7 20.Nf4 Na6 21.Rfe1 Nc7 22.Rab1 Ra7 23.exf6+ exf6
24.g4 h6 25.Nxg6 Kxg6 26.Qh5+ Kh7 27.Nh4 Qf7 28.Qf5+ Kg8 29.Qf4 Ne6 30.Qxh6 Re8
31.Nf5 Raa8 32.Rb7 Qxb7 33.Qxf6 Ng7 34.Re7 Qb1+ 35.Kg2 Rxe7 36.Nxe7+ Kh8
37.Qh6+ Qh7 38.Ng6+ Kg8 39.Ne7+  1/2-1/2

[Event "TCh-BEL 2011-12"]
[Site "Belgium BEL"]
[Date "2012.01.15"]
[Round "6.3"]
[White "Bauer,Ch"]
[Black "Cekro,E"]
[Result "1/2-1/2"]
[WhiteElo "2631"]
[BlackElo "2394"]

1.e4 g6 2.d4 c6 3.Nc3 Bg7 4.Bc4 d6 5.Qf3 e6 6.Nge2 Qe7 7.O-O e5 8.Bg5 Nf6
9.a4 h6 10.Bh4 Nbd7 11.Ba2 a5 12.Rad1 O-O 13.Qe3 g5 14.Bg3 Nh5 15.Rd2 Re8
16.h3 Nf8 17.Qf3 Nf4 18.Bxf4 exf4 19.Rfd1 Ng6 20.Qh5 Kh7 21.Kh1 f5 22.e5 d5
23.Ng1 Be6 24.Bb1 g4 25.Nce2 Qg5 26.Qxg5 hxg5 27.c3 Kh6 28.Bc2 Bf8 29.Rb1 b5
30.axb5 cxb5 31.Bb3 a4 32.Ba2 Rad8 33.Rd3 gxh3 34.Rxh3+ Kg7 35.Rh5 Be7 36.g3 fxg3
37.Nxg3  1/2-1/2

[Event "TCh-CZE Liga1 Vychod"]
[Site "Czech Rep CZE"]
[Date "2012.01.15"]
[Round "6.4"]
[White "Sobek,J"]
[Black "Karlik,V"]
[Result "1/2-1/2"]
[WhiteElo "2267"]
[BlackElo "2286"]

1.d4 g6 2.e4 Bg7 3.Nc3 c6 4.Be3 Qb6 5.Rb1 d6 6.h3 Qc7 7.Nf3 Nd7 8.Be2 Ngf6
9.O-O O-O 10.a4 a6 11.Ra1 b6 12.Qd2 Bb7 13.Bh6 e5 14.Bxg7 Kxg7 15.Rad1 Rfe8
16.dxe5 dxe5 17.Rfe1 Rad8 18.Qe3 Nf8 19.Bc4 Rxd1 20.Rxd1 Ne6 21.g3 b5 22.axb5 axb5
23.Bxe6 Rxe6 24.Qc5 Qe7 25.Qxe7 Rxe7 26.b4 Nd7 27.Rd6 Nb6 28.Nd2 Rd7 29.Rxd7 Nxd7
30.Nb3 Nb8 31.Nc5 Bc8 32.Kg2 Na6 33.Nxa6 Bxa6 34.Ne2 Bc8 35.Nc1 f5 36.f3 Kf6
37.Nd3 fxe4 38.fxe4 Be6 39.Nc5 Ba2 40.c3 Ke7 41.Kf3 h6 42.h4 Bc4  1/2-1/2

[Event "20th Fajr Open"]
[Site "Tabriz IRI"]
[Date "2012.01.15"]
[Round "4.9"]
[White "Sadikhov,U"]
[Black "Azaladze,S"]
[Result "0-1"]
[WhiteElo "2134"]
[BlackElo "2403"]

1.e4 g6 2.d4 Bg7 3.Nc3 c6 4.f4 d5 5.e5 Nh6 6.Nf3 Bg4 7.h3 Bxf3 8.Qxf3 f6
9.g4 fxe5 10.dxe5 e6 11.Be3 Qh4+ 12.Bf2 Qe7 13.O-O-O Nd7 14.h4 a5 15.Bd3 Rf8
16.Qg3 a4 17.a3 b5 18.Na2 Nc5 19.Nb4 Rc8 20.Bxc5 Qxc5 21.h5 g5 22.fxg5 Nf7
23.Rde1 Nxg5 24.h6 Bh8 25.Rh5 Nf3 26.Re2 Nd4 27.Re3 Qa7 28.c3 c5 29.Nc2 Nb3+
30.Kd1 c4 31.Be2 d4 32.cxd4 Nxd4 33.Re4 Rd8 34.Rxd4 Rxd4+ 35.Nxd4 Qxd4+ 36.Kc1 Rf2
37.Rh2 Bxe5 38.Qxf2 Qxb2+ 39.Kd1 Qb3+  0-1

[Event "20th Fajr Open"]
[Site "Tabriz IRI"]
[Date "2012.01.17"]
[Round "8.12"]
[White "Bakhtiari Kish,M"]
[Black "Abdulov,Or"]
[Result "1-0"]
[WhiteElo "2124"]
[BlackElo "2429"]

1.e4 c6 2.d4 g6 3.Nc3 Bg7 4.Nf3 d5 5.h3 Nf6 6.e5 Ne4 7.Bd3 Nxc3 8.bxc3 c5
9.O-O Nc6 10.a4 O-O 11.Re1 cxd4 12.cxd4 Nb4 13.a5 Nxd3 14.cxd3 Bd7 15.Qb3 Rb8
16.Qa3 Re8 17.Bf4 e6 18.Bg5 Qc8 19.Be7 Bh6 20.h4 Bb5 21.Bd6 Ra8 22.Qb3 Qd7
23.Nh2 f5 24.exf6 a6 25.Be5 Bf8 26.h5 g5 27.f4 gxf4 28.Qd1 Qf7 29.Qg4+ Kh8
30.Qxf4 Rac8 31.Re3 Rc3 32.Rd1  1-0

[Event "20th Fajr Open"]
[Site "Tabriz IRI"]
[Date "2012.01.19"]
[Round "10.3"]
[White "Asgari,M"]
[Black "Azaladze,S"]
[Result "1-0"]
[WhiteElo "2263"]
[BlackElo "2403"]

1.e4 g6 2.d4 Bg7 3.Nc3 c6 4.f4 d5 5.e5 Nh6 6.Nf3 Bg4 7.h3 Bxf3 8.Qxf3 f6
9.g4 fxe5 10.dxe5 Qb6 11.Bd2 e6 12.h4 Nd7 13.O-O-O O-O-O 14.Kb1 Rdf8 15.Qg3 Kb8
16.Be2 Qc7 17.Rh3 Rf7 18.a3 Rhf8 19.Na4 Ka8 20.c4 Re8 21.Rc1 Ng8 22.Qb3 Ne7
23.g5 dxc4 24.Bxc4 Nd5 25.Rf3 N7b6 26.Nxb6+ Qxb6 27.Bxd5 exd5 28.Qd3 a6 29.h5 Qb5
30.hxg6 Qxd3+ 31.Rxd3 hxg6 32.Rh1 Kb8 33.Rh7 Kc8 34.Rdh3 Re6 35.R3h6 Kd7
36.Bb4 Ke8 37.f5 Rxe5 38.Rxg6 a5 39.Bd6 Re1+ 40.Ka2 Bd4 41.Rg8+ Kd7 42.Rxf7+ Kxd6
43.Rxb7 Rg1 44.f6  1-0

[Event "ch-Belgrade w 2012"]
[Site "Belgrade SRB"]
[Date "2012.01.25"]
[Round "4.1"]
[White "Zarkovic,M"]
[Black "Drljevic,L"]
[Result "0-1"]
[WhiteElo "1970"]
[BlackElo "2265"]

1.e4 g6 2.d4 Bg7 3.Nc3 c6 4.Be3 d6 5.f3 b5 6.Qd2 Nd7 7.g4 Nb6 8.h4 h5 9.g5 Nc4
10.Bxc4 bxc4 11.Nge2 Rb8 12.Rb1 e6 13.Ng3 Ne7 14.O-O O-O 15.Qe2 d5 16.Qd2 Qc7
17.Nce2 dxe4 18.fxe4 c5 19.Bf4 e5 20.Bxe5 Bxe5 21.dxe5 Qxe5 22.Qf4 Nc6 23.Qxe5 Nxe5
24.Nc3 Bg4 25.Kg2 Rfd8 26.Nd5 Kf8 27.Rf2 Be6 28.Nf4 Bc8 29.Nf1 c3 30.b3 Rd4
31.Re1 Rbb4 32.Ng3 Ng4 33.Rfe2 Ba6 34.Nd5 Bxe2 35.Nxb4 Bd1 36.Nd3 Rxd3 37.cxd3 c2
38.Ne2 Bxe2 39.Rc1 Bd1 40.Kf1 Ne5  0-1

[Event "Moscow Open 2012 A"]
[Site "Moscow RUS"]
[Date "2012.01.28"]
[Round "1.38"]
[White "Gabrielian,A"]
[Black "Zemerov,V"]
[Result "1-0"]
[WhiteElo "2545"]
[BlackElo "2323"]

1.e4 g6 2.d4 Bg7 3.Nc3 c6 4.Nf3 d6 5.Be2 b5 6.O-O a6 7.Bg5 Qc7 8.a4 h6 9.Bf4 b4
10.Na2 Nf6 11.Bd3 Nh5 12.Be3 a5 13.Qd2 Ba6 14.Nc1 c5 15.c3 c4 16.Bb1 bxc3
17.bxc3 Nd7 18.Ne2 Nhf6 19.h3 e6 20.Ng3 h5 21.Bc2 h4 22.Ne2 Bb7 23.Ng5 Nh7
24.Nxh7 Rxh7 25.d5 exd5 26.exd5 Kf8 27.f4 f5 28.Nd4 Bxd4 29.Qxd4 Kg8 30.Rab1 Rf8
31.Bf2 Nf6 32.Rb5 Ba6 33.Rb6 Bb7 34.Rfb1 Bxd5 35.R1b5 Bc6 36.Qxc4+  1-0

[Event "Moscow Open 2012 A"]
[Site "Moscow RUS"]
[Date "2012.01.29"]
[Round "2.35"]
[White "Inarkiev,E"]
[Black "Kuporosov,V"]
[Result "1-0"]
[WhiteElo "2689"]
[BlackElo "2413"]

1.e4 g6 2.d4 Bg7 3.Nc3 c6 4.f4 d5 5.e5 Nh6 6.Be2 f6 7.Nf3 O-O 8.Be3 Bg4 9.Qd2 Nd7
10.O-O-O e6 11.exf6 Nxf6 12.Ne5 Qc7 13.Rde1 Bxe2 14.Qxe2 b5 15.g4 Nf7 16.Nd3 Rae8
17.Kb1 Nd6 18.h4 Nfe4 19.Nxe4 Nxe4 20.Qg2 h6 21.c3 a5 22.Bd2 c5 23.Rxe4 dxe4
24.Nxc5 b4 25.Qxe4 bxc3 26.bxc3 e5 27.fxe5 Rxe5 28.dxe5 Qxc5 29.Kc2 Bxe5
30.Re1 Bg7 31.Qxg6 Qb5 32.Qe4 Qc5 33.g5 h5 34.Qe6+ Kh8 35.Re4 Qa3 36.g6 Rb8
37.Qd5 Qb2+ 38.Kd3 Qb1+ 39.Ke2  1-0

[Event "ch-Belgrade w 2012"]
[Site "Belgrade SRB"]
[Date "2012.01.30"]
[Round "9.1"]
[White "Milanovic,Ma"]
[Black "Drljevic,L"]
[Result "0-1"]
[WhiteElo "1868"]
[BlackElo "2265"]

1.e4 g6 2.d4 c6 3.Nc3 Bg7 4.f4 d5 5.e5 h5 6.Nf3 Nh6 7.Bd3 Bg4 8.Be3 e6 9.h3 Bf5
10.Bf2 Bxd3 11.Qxd3 Nf5 12.g3 Bf8 13.O-O-O Nd7 14.g4 Ng7 15.Nh4 Be7 16.Nxg6 fxg6
17.Qxg6+ Kf8 18.Be3 Nb6 19.f5 Qe8 20.Rdf1 Qxg6 21.fxg6+ Kg8 22.Rf7 Re8 23.Rhf1 hxg4
24.hxg4 Nd7 25.Ne2 Nf8 26.Nf4 Bg5 27.Nxd5 Bxe3+ 28.Nxe3 Nxg6 29.Rxb7 Re7
30.Rb8+ Ne8 31.Rc8 Kg7 32.Rxc6 Rh3 33.Nc4 Rg3 34.Nd6 Rxg4 35.Nc8 Rc7 36.Rxc7+ Nxc7
37.Nxa7 Rxd4 38.Nc8 Rd5 39.Re1 Rxe5 40.Rd1 Nd5 41.Nd6 Re2 42.c4 Ne3 43.Rg1 Kf6
44.Ne4+ Ke5 45.Nc3 Rc2+ 46.Kb1 Rh2 47.c5 Nf4 48.Nd1  0-1

[Event "ch-Belgrade 2012"]
[Site "Belgrade SRB"]
[Date "2012.01.30"]
[Round "9.14"]
[White "Vucinic,G"]
[Black "Kostic,Mil"]
[Result "1/2-1/2"]
[WhiteElo "2157"]
[BlackElo "2287"]

1.e4 g6 2.d4 Bg7 3.Nc3 c6 4.Nf3 d5 5.h3 dxe4 6.Nxe4 Nd7 7.Bc4 Ngf6 8.Nxf6+ Nxf6
9.O-O O-O 10.Re1 Bf5 11.c3 Qd6 12.Ne5 Nd5 13.a4 Be6 14.Qb3 Rab8 15.Nd3 b5
16.axb5 cxb5 17.Bxd5 Bxd5 18.Qa3 Bc4 19.Qxd6 exd6 20.Nb4 Rb7 21.Bf4 Rd7 22.Ra6 d5
23.Bd6 Ra8 24.Bc5 h5 25.Rb1 Bb3 26.Ra3 a5 27.Rxb3 axb4 28.Bxb4 Rb7 29.Re1 Bf8
30.Re5 Rd8 31.Bxf8 Kxf8 32.Ra3 b4 33.Rb3 f6 34.Re6 Kf7 35.Rc6 Rdb8 36.c4 dxc4
37.Rxc4 Rb6 38.Kf1 Ke6 39.Ke2 h4 40.Kd3 Kd6 41.Rc5 Re8 42.Rc4 Reb8 43.Ke4 Re8+
44.Kf3 Rc8 45.Rd3 Re8 46.d5 Re5 47.b3 Rf5+ 48.Ke3 Re5+  1/2-1/2

[Event "Gibraltar Open"]
[Site "Caleta ENG"]
[Date "2012.01.31"]
[Round "8.119"]
[White "Randlov,Carsten"]
[Black "Kuehnast,V"]
[Result "0-1"]
[WhiteElo "1831"]
[BlackElo "1933"]

1.d4 g6 2.e4 Bg7 3.Nc3 c6 4.Be3 d5 5.f3 h5 6.Qd2 e6 7.O-O-O a6 8.Nh3 Nd7
9.Bd3 b5 10.exd5 cxd5 11.Rde1 Nb6 12.Kb1 Nc4 13.Bxc4 bxc4 14.Bg5 f6 15.Bh4 Kf7
16.Re2 Nh6 17.Rhe1 Nf5 18.Bf2 Bh6 19.f4 Rb8 20.Nd1 Qc7 21.c3 Rd8 22.g3 Nd6
23.Bg1 Ne4 24.Qe3 Rd6 25.Ndf2 Nxf2 26.Nxf2 Qa5 27.Nd1 Rb5 28.Qc1 Bf8 29.h3 Bd7
30.g4 hxg4 31.hxg4 Rb8 32.Bh2 f5 33.gxf5 gxf5 34.Rg1 Ba4 35.Reg2 Rdb6 36.Qd2 Bxd1
37.Rxd1 Rxb2+ 38.Qxb2 Rxb2+ 39.Kxb2 Qa3+ 40.Kb1 Qxc3 41.Rb2 Qf3 42.Rbd2  0-1

[Event "Moscow Open 2012 A"]
[Site "Moscow RUS"]
[Date "2012.01.31"]
[Round "4.60"]
[White "Nozdrachev,V"]
[Black "Davydov,S1"]
[Result "1-0"]
[WhiteElo "2463"]
[BlackElo "2307"]

1.e4 c6 2.d4 g6 3.Nc3 Bg7 4.Be3 d6 5.h3 b5 6.a3 Bb7 7.f4 a6 8.Nge2 Nd7 9.g3 Rc8
10.Bg2 c5 11.O-O b4 12.axb4 cxb4 13.Na2 a5 14.c3 Ngf6 15.d5 bxc3 16.Naxc3 O-O
17.Nd4 Nb6 18.Bf2 Nc4 19.Qe2 Nh5 20.e5 e6 21.Nc6 Bxc6 22.dxc6 d5 23.b3 Nxe5
24.fxe5 Rxc6 25.Nb5 Qg5 26.Rfe1 Rb8 27.Nd4 Rc3 28.h4 Qh6 29.Be3 g5 30.Bxg5 Qg6
31.g4 Ng3 32.Qf2 h6 33.Bf6 Qxg4 34.Bxg7 Kxg7 35.Rxa5 Ne4 36.Qf1 Rb4 37.Rxe4 dxe4
38.Qf6+ Kh7 39.Ra7  1-0

[Event "Moscow Open 2012 A"]
[Site "Moscow RUS"]
[Date "2012.02.03"]
[Round "7.38"]
[White "Kovalev,Vl"]
[Black "Zemerov,V"]
[Result "0-1"]
[WhiteElo "2453"]
[BlackElo "2323"]

1.e4 g6 2.d4 Bg7 3.Nc3 c6 4.Nf3 d6 5.h3 b5 6.Bd3 Nd7 7.O-O a6 8.a4 b4 9.Ne2 a5
10.c3 bxc3 11.bxc3 Qc7 12.Ba3 Nh6 13.Ng5 O-O 14.f4 Nb6 15.Rb1 Ba6 16.Bxa6 Rxa6
17.Qd3 Raa8 18.c4 c5 19.d5 Nxa4 20.g4 Qd7 21.Nf3 Kh8 22.Rb5 Rfb8 23.Rfb1 Qc7
24.e5 Rxb5 25.Rxb5 Nb6 26.Nc3 a4 27.Kf2 Rd8 28.Ke2 Nd7 29.e6 fxe6 30.dxe6 Nb6
31.Nd5 Nxd5 32.Qxd5 Rb8 33.Ng5 Bd4 34.Nf3 Bg7 35.Kf2 Qc8 36.Kg3 Qe8 37.Ng5 Kg8
38.Rb7 Rxb7 39.Qxb7 Bf8 40.Ne4 Qd8 41.Kf3 Bg7  0-1

[Event "ch-TUR 2012"]
[Site "Kemer TUR"]
[Date "2012.02.04"]
[Round "9"]
[White "Bal,Enes Emre"]
[Black "Agaoglu,Aydin"]
[Result "1-0"]
[WhiteElo "1775"]
[BlackElo "1992"]

1.e4 g6 2.d4 Bg7 3.Nc3 c6 4.Be3 d5 5.exd5 cxd5 6.Nf3 Nf6 7.h3 O-O 8.Be2 a6
9.O-O b5 10.a3 Bb7 11.Ne5 Ne4 12.Nxe4 dxe4 13.f4 f6 14.Ng4 h5 15.Nh2 f5 16.g4 hxg4
17.hxg4 e6 18.Rf2 Nc6 19.c3 Ne7 20.a4 Nd5 21.Nf1 b4 22.Bc4 bxc3 23.bxc3 Qa5
24.gxf5 exf5 25.Bd2 Rfc8 26.Qb3 Rab8 27.Ne3 Kf8 28.Bxd5 Bc6 29.Qa3+ Ke8 30.Bxc6+ Rxc6
31.Qa2 Qd8 32.Qg8+ Bf8 33.Rh2 Rb7 34.Rh8 Rf7 35.Rh7 Rxh7 36.Qxh7 Qb6 37.Qg8 g5
38.Nc4 Qc7 39.Ne5 gxf4 40.Bxf4 Rxc3 41.Qg6+  1-0

[Event "ch-TUR 2012"]
[Site "Kemer TUR"]
[Date "2012.02.05"]
[Round "10"]
[White "Ozalp,B"]
[Black "Yilmazyerli,M"]
[Result "0-1"]
[WhiteElo "1957"]
[BlackElo "2314"]

1.e4 g6 2.d4 Bg7 3.Nc3 c6 4.Be3 d5 5.f3 dxe4 6.fxe4 Nf6 7.Nf3 O-O 8.Qd2 Qa5
9.Bc4 b5 10.Bd3 Rd8 11.Ne2 Qc7 12.h3 c5 13.c3 Bb7 14.Bf4 Qb6 15.Qe3 cxd4
16.cxd4 Nc6 17.O-O Nh5 18.e5 Nxf4 19.Qxf4 f6 20.exf6 exf6 21.Kh1 Nb4 22.Qd2 Nxd3
23.Qxd3 Bd5 24.b3 b4 25.Rac1 Rac8 26.Rxc8 Rxc8 27.Nf4 Bf7 28.Re1 Qd6 29.Ne2 Bd5
30.Nd2 Bh6 31.Rf1 Re8 32.Nc4 Qa6 33.Qc2 Qe6 34.Ng1 Bg7 35.Nf3 Qe2 36.Qxe2 Rxe2
37.Ncd2 Bh6 38.Nc4 Rxa2 39.Re1 Bf8 40.Re8 Kf7 41.Rd8 Ra1+ 42.Kh2 Bxc4 43.bxc4 b3
44.Rd7+ Ke8 45.Rb7 Bd6+ 46.g3 Ra2+ 47.Kh1 b2 48.Ng1 Bxg3 49.c5 b1=Q  0-1

[Event "TCh-CZE Liga1 Vychod"]
[Site "Czech Rep CZE"]
[Date "2012.02.12"]
[Round "8.4"]
[White "Krcal,M"]
[Black "Karlik,V"]
[Result "0-1"]
[WhiteElo "2130"]
[BlackElo "2286"]

1.e4 g6 2.d4 Bg7 3.Nc3 c6 4.Be3 d5 5.h3 dxe4 6.Nxe4 Nh6 7.Nf3 Nf5 8.Bc4 O-O
9.O-O Nd7 10.Bb3 Nxe3 11.fxe3 Nf6 12.Nxf6+ exf6 13.Qd3 f5 14.Rae1 a5 15.a4 b6
16.e4 c5 17.Bd5 fxe4 18.Bxe4 Ba6 19.c4 Rc8 20.dxc5 Qxd3 21.Bxd3 Rfd8 22.Rd1 Rxd3
23.Rxd3 Bxc4 24.Rd6 Bxf1 25.Kxf1 bxc5 26.Ra6 Bxb2 27.Rxa5 c4 28.Ne1 Bc3 29.Ra7 Rc5
30.Nc2 h5 31.Rb7 Rf5+  0-1

[Event "Frauenbundesliga 2011-12"]
[Site "Germany GER"]
[Date "2012.02.12"]
[Round "9.6"]
[White "Krasnopeyeva,J"]
[Black "Straub,N"]
[Result "1/2-1/2"]
[WhiteElo "1963"]
[BlackElo "2205"]

1.e4 g6 2.d4 Bg7 3.Nc3 c6 4.f4 d6 5.Nf3 Bg4 6.Be3 Nf6 7.Be2 O-O 8.h3 Bc8
9.Qd2 b5 10.a3 a6 11.g4 d5  1/2-1/2

[Event "Caissa GM Feb 2012"]
[Site "Kecskemet HUN"]
[Date "2012.02.18"]
[Round "1.4"]
[White "Berend,F"]
[Black "Boricsev,O"]
[Result "1/2-1/2"]
[WhiteElo "2370"]
[BlackElo "2378"]

1.d4 g6 2.e4 Bg7 3.Nc3 c6 4.f4 d5 5.e5 h5 6.Nf3 Nh6 7.Be3 Bg4 8.h3 Nf5 9.Bf2 Bxf3
10.Qxf3 h4 11.Bd3 e6 12.O-O Nd7 13.b3 Qe7 14.Ne2 f6 15.Qg4 O-O-O 16.c4 fxe5
17.cxd5 e4 18.Bxe4 Nf6 19.Qf3 Nxe4 20.Qxe4 exd5 21.Qxe7 Nxe7 22.Rad1 Nf5
23.Kh2 Rde8 24.Rd2 Re4 25.g4 hxg3+ 26.Nxg3 Rxf4 27.Nxf5 Rxf5 28.Rg1 Rxf2+
29.Rxf2 Bxd4 30.Rff1 Bxg1+ 31.Rxg1 Rd8 32.Rxg6 d4 33.Rg1 d3 34.Rd1 c5 35.Kg3 b5
36.Kf2 Kc7 37.Ke3 c4 38.bxc4 bxc4 39.Kd2 Kc6 40.Rg1 Kc5 41.Kc3 Kd5 42.Rg5+ Ke4
43.Rg4+ Ke5 44.Rg1 Ke4 45.Kd2 c3+ 46.Kxc3 d2 47.Kc2 Kf3  1/2-1/2

[Event "72nd Noteboomturnier Open A"]
[Site "Leiden NED"]
[Date "2012.02.18"]
[Round "2.7"]
[White "Ootes,La"]
[Black "Koudinov,D"]
[Result "1/2-1/2"]
[WhiteElo "2326"]
[BlackElo "2044"]

1.e4 g6 2.d4 Bg7 3.Nc3 c6 4.f4 d5 5.e5 h5 6.Nf3 Bg4 7.Be2 Nh6 8.Be3 e6 9.O-O Nf5
10.Bf2 Nd7 11.Ne1 Bxe2 12.Nxe2 Qe7 13.Nd3 b6 14.b3 c5 15.dxc5 bxc5 16.c4 dxc4
17.bxc4 O-O 18.Nc3 f6 19.g4 hxg4 20.Qxg4 fxe5 21.Rae1 exf4 22.Nd5 Qd6 23.N5xf4 e5
24.Nxg6 Rf6 25.Ngxe5 Nxe5 26.Nxe5 Re8 27.Nf3 Rxe1 28.Rxe1 Rg6 29.Ng5 Bf6
30.Re8+ Kg7 31.h4 Bxg5 32.hxg5 Qd2 33.Be1 Rxg5 34.Bxd2 Rxg4+ 35.Kf2 Rxc4  1/2-1/2

[Event "US Amateur Team-ch East"]
[Site "Parsippany USA"]
[Date "2012.02.18"]
[Round "1"]
[White "Allen,E"]
[Black "Feldman,Y"]
[Result "1/2-1/2"]
[WhiteElo "2173"]
[BlackElo "2253"]

1.e4 g6 2.d4 Bg7 3.Nc3 c6 4.f4 d5 5.e5 Nh6 6.Nf3 Bg4 7.Be3 O-O 8.Be2 f6 9.O-O Bxf3
10.Bxf3 Nf5 11.Bf2 fxe5 12.fxe5 Bh6 13.Qd3 e6 14.Rae1 Nd7 15.Nd1 Qa5 16.a3 Qb5
17.Qxb5 cxb5 18.c3 Nb6 19.Ne3 Nc4 20.Nxc4 bxc4 21.Bg4 b5 22.Bxf5 Rxf5 23.Be3 Bxe3+
24.Rxe3 Rxf1+ 25.Kxf1 a5 26.Rf3 b4 27.Rf6 bxa3 28.bxa3 Ra6 29.Ke2 Kg7 30.Kf2 Kh6
31.Ke2  1/2-1/2

[Event "TCh-CZE Liga1 Vychod"]
[Site "Czech Rep CZE"]
[Date "2012.02.26"]
[Round "9"]
[White "Olsarova,K"]
[Black "Biolek,R2"]
[Result "1/2-1/2"]
[WhiteElo "2176"]
[BlackElo "2464"]

1.e4 g6 2.d4 Bg7 3.Nc3 c6 4.Nf3 d6 5.h3 Nf6 6.Be3 O-O 7.Qd2 Re8 8.O-O-O b5
9.Bd3 b4 10.Ne2 a5 11.g4 Ba6 12.Kb1 Nbd7 13.Ng3 Nb6 14.Ng5 Nc4 15.Bxc4 Bxc4
16.f4 Qc7 17.f5 a4 18.fxg6 hxg6 19.Qf2 Qa5 20.Bc1 Reb8 21.Rhe1 Bxa2+ 22.Kxa2 b3+
23.Kb1 a3 24.c3 axb2 25.Bxb2 Qxg5 26.e5 dxe5 27.dxe5 Nd5 28.c4 Qf4 29.Qxf4 Nxf4
30.Rd7 Ra4 31.Re4 Nxh3 32.Rxe7 Rd8 33.Re1 Ng5 34.e6 Bxb2 35.exf7+ Nxf7 36.Kxb2 Rxc4
37.Ne4 Rb8 38.Nf6+ Kg7 39.Rf1 Rb5 40.Ne8+ Kh6 41.Rexf7 Rxg4 42.R1f2 Ra4 43.Rh2+ Rh5
44.Kxb3 Re4 45.Nd6 Re6  1/2-1/2

[Event "2nd HD Bank Cup 2012"]
[Site "Ho Chi Minh City VIE"]
[Date "2012.03.03"]
[Round "3.17"]
[White "Gu Xiaobing"]
[Black "Nguyen Thi Thanh An"]
[Result "1-0"]
[WhiteElo "2257"]
[BlackElo "2292"]

1.e4 g6 2.d4 Bg7 3.Nc3 c6 4.Be3 d5 5.Qd2 Nf6 6.e5 Ng4 7.Bf4 h5 8.Nf3 a5 9.Bd3 Na6
10.a3 Nc7 11.Ng5 Ne6 12.Ne2 Nh6 13.c3 Nf8 14.Be3 f6 15.Nf3 Bf5 16.Nf4 Qc8
17.O-O Bxd3 18.Qxd3 Qf5 19.Qe2 fxe5 20.dxe5 Ng4 21.Rfe1 Bh6 22.Nd3 e6 23.Bxh6 Nxh6
24.c4 Rd8 25.Nc5 Qf7 26.cxd5 exd5 27.e6 Qe7 28.Nxb7 Qxb7 29.e7 Rb8 30.Qe5 Nf7
31.exf8=Q+ Kxf8 32.Qf6 Qxb2 33.Ne5 Rh7 34.Nxg6+ Kg8 35.Re8+ Rxe8 36.Qxb2 Rg7
37.Qf6 Kh7 38.Nf4 Ng5 39.h4  1-0

[Event "32nd TCh-IND w 2012"]
[Site "Panaji IND"]
[Date "2012.03.04"]
[Round "7"]
[White "Shah,An"]
[Black "Harika,D"]
[Result "0-1"]
[WhiteElo "1574"]
[BlackElo "2516"]

1.e4 g6 2.d4 Bg7 3.Nc3 c6 4.Nf3 d6 5.h3 Nd7 6.Bc4 e6 7.d5 Nb6 8.Bb3 cxd5
9.Nd4 e5 10.Ndb5 d4 11.Qf3 Nf6 12.Nd5 Nbxd5 13.Nxd6+ Qxd6 14.exd5 O-O 15.O-O e4
16.Qg3 Qxg3 17.fxg3 e3 18.g4 Ne4 19.c4 dxc3 20.Bxe3 cxb2 21.Rad1 Nc3 22.Bc2 Nxd1
23.Rxd1 Bd7 24.Rb1 Rac8 25.Be4 Rfe8 26.Bh6 Rxe4 27.Bxg7 Rc1+ 28.Rxc1  0-1